01122cam a22002655a 45000010009000000050017000090080041000260100017000670200015000840200018000990400013001170820022001301000023001522450051001752600043002263000042002695040056003115200207003676500030005746500040006046530033006449420012006779990017006899520150007061655754720101203135636.0101130s2011 nyu 000 0 eng  a 2010941979 a1455503118 a9781455503117 aDLCcDLC 222a320.5209bPAU1 aPaul, Rand.92552914aThe Tea Party Goes to Washington /cRand Paul. aNew York :bCenter Street, 2011c2011. axiv, 254 p. :bill., ports. ;c22 cm. aIncludes bibliographical references (p. [251]-254). aDescribes how fears over the Obama presidential administration helped form the Tea Party movement, and argues that the grassroots movement is independent and critical of both American political parties. 925528aTea Party movement 911161aConservatismzUnited States. bENGcJune2011bPolcJune2011 2ddccBB c15632d15632 00102ddc40708BaccahaMAINbMAINc1STd2011-06-19epurchaseg131.00h12512l1m1o320.5209 PAUp000024259r2025-07-15 00:00:00s2016-11-02yBB